| 000 | 00853 a2200229 4500 | ||
|---|---|---|---|
| 008 | 130821s2004 mx a gr spa | ||
| 020 | _a9681672763 | ||
| 040 |
_aCO-BoUCM _bspa _cAngélica Chartano _dAldemar Mondragón |
||
| 041 | 0 | 0 | _aspa |
| 100 | 1 |
_aPratt, Pierre _940288 |
|
| 245 | 1 | 0 |
_aMarcel y André _cPierre Pratt ; traducción de Juana Inés Dehesa |
| 260 |
_aMéxico D.F. (México) _bFondo de Cultura Económica _c2004 |
||
| 300 |
_a40 páginas _bilustraciones a color |
||
| 490 | _aLos primerísimos | ||
| 650 | 7 |
_aLibros ilustrados para niños _918516 |
|
| 650 | 7 |
_aLiteratura infantil canadiense _940289 |
|
| 690 | _aLiteratura estadounidense | ||
| 700 | 1 |
_aDehesa, Juana Inés _etraductor _940687 |
|
| 765 | _tMarcel et André | ||
| 942 |
_cLIBRO _a18 _e1 _mP913m _2DEWEY _h818.54 _n0 |
||
| 999 |
_c167237 _d167237 |
||